[The] Future of the Schengen Agreement

Gespeichert in:
Bibliographische Detailangaben
1. Verfasser: Bérešová, Juliana, 1996-
Format: Buchkapitel
Sprache:Englisch
Schlagworte:
Tags: Tag hinzufügen
Keine Tags, Fügen Sie das erste Tag hinzu!

MARC

LEADER 00000naa a2200000 4500
001 0262887
005 20240502074157.6
041 0 |a eng 
044 |a SK 
245 1 0 |a [The] Future of the Schengen Agreement  |c Juliana Bérešová 
610 2 0 |a hranice štátne 
610 2 0 |a Európska únia 
100 1 |a Bérešová, Juliana, 1996-